000 00979cam a2200241 a 4500
001 15784592
005 20250221182627.0
008 090622s2010 njua b 001 0 eng
020 _a9780470747100
020 _a0470747102
050 0 0 _aHD30.28
_b.G72 2010
082 0 0 _a658.4/012
_222
100 1 _aGrant, Robert M.,
_d1948-
245 1 0 _aContemporary strategy analysis /
_cRobert M. Grant.
250 _a7th ed.
260 _aHoboken, NJ :
_bJohn Wiley & Sons,
_c2010.
300 _axv, 499 p. :
_bill. (some col.) ;
_c25 cm.
650 0 _aStrategic planning.
856 4 2 _3Publisher description
_uhttp://www.loc.gov/catdir/enhancements/fy0917/2009025382-d.html
856 4 1 _3Table of contents only
_uhttp://www.loc.gov/catdir/enhancements/fy0917/2009025382-t.html
856 4 _uhttp://bvbr.bib-bvb.de:8991/F?func=service&doc_library=BVB01&doc_number=018740740&line_number=0001&func_code=DB_RECORDS&service_type=MEDIA
_zInhaltsverzeichnis
942 _2lcc
_cBK
_e7th Ed.
_n0
999 _c4053
_d4053